Strategický plán rozvoja podniku

Oblasť strategického manažmentu s dôrazom na strategický plán podniku. Plánovanie je prioritou manažérskych úloh, prispieva k dosiahnutiu zámerov a cieľov podniku. Vzťahuje sa na všetky aktivity podniku a umožňuje efektívne vykonávanie podnikových činností. Strategické plánovanie je hlavnou úlohou v...

Descrizione completa

Salvato in:
Dettagli Bibliografici
Autore principale: Pružinská, Ivana
Natura: Capitolo di libro
Lingua:slovacco
Soggetti:
Tags: Aggiungi Tag
Nessun Tag, puoi essere il primo ad aggiungerne!!

MARC

LEADER 00000nla a2200000 4500
001 0239037
005 20240417075131.0
041 0 |a slo 
044 |a SK 
245 1 0 |a Strategický plán rozvoja podniku  |c Ivana Pružinská 
520 |a Oblasť strategického manažmentu s dôrazom na strategický plán podniku. Plánovanie je prioritou manažérskych úloh, prispieva k dosiahnutiu zámerov a cieľov podniku. Vzťahuje sa na všetky aktivity podniku a umožňuje efektívne vykonávanie podnikových činností. Strategické plánovanie je hlavnou úlohou vrcholového manažmentu podniku. 
610 2 0 |a plán strategický 
610 2 0 |a plánovanie strategické 
610 2 0 |a podnik 
610 2 0 |a manažment strategický 
610 2 0 |a riadenie vrcholové 
100 1 |a Pružinská, Ivana